• 首页
  • 本馆介绍
  • 公告通知
  • 最新文献
  • 馆藏检索
  • 电子资源
  • 读者导购
  • 参考咨询
  • 我的图书馆
  • 登录
  • 详细信息显示
  • 放入我的书架
  • 预约/预借图书
  • 作者相关作品
  • 分类相关作品
  • 丛书相关作品
  • 出版社相关作品

书目信息

  • 表格格式
  • 工作单格式
  • 卡片格式
题名:
唐宋名家文选
    
 
作者: 阮琼 编
分册:  
出版信息: 南京   江苏文艺出版社  2014
页数: 326页
开本: 22cm
丛书名: 青少年人文素养丛书
单 册:
中图分类: I264.2
科图分类:
主题词: 古典散文--散文集--中国--唐宋时期 , 古典散文
电子资源:
ISBN: 978-7-5399-6753-0
000 00686nam0 2200241 450
001 2354253412
005 20231211150436.62
010    @a978-7-5399-6753-0@dCNY 38.00
100    @a20140719d2014 em y0chiy0120 ea
101 0  @achi
102    @aCN@b320000
105    @ay z 000cy
200 1  @a唐宋名家文选@Atang song ming jia wen xuan@b专著@f阮琼编
210    @a南京@c江苏文艺出版社@d2014
215    @a326页@d22cm
225 1  @a青少年人文素养丛书@i经典阅读系列
300    @a语文新课标必读
606 0  @a古典散文@x散文集@y中国@z唐宋时期
606 0  @a古典散文
690    @aI264.2@v5
701  0 @a阮琼@Aruan qiong@4编
801  2 @aCN@b辽宁北配@c20231205
905    @aZUCC@dI264.2@e13
    
    唐宋名家文选/阮琼编.-南京:江苏文艺出版社,2014
    326页;22cm.-(青少年人文素养丛书.经典阅读系列)
    语文新课标必读
    
    ISBN 978-7-5399-6753-0:CNY 38.00
    
●
相关链接 在五车中查询图书 在当当中查询图书 在豆瓣中查询图书


正题名:唐宋名家文选     索取号:I264.2/13         预约/预借

序号 登录号 条形码 馆藏地/架位号 状态 备注
1 2001536504   2001536504   319书库/ [索取号:I264.2/13] 在馆    
2 2001536505   2001536505   319书库/ [索取号:I264.2/13] 在馆    
3 2001536506   2001536506   319书库/ [索取号:I264.2/13] 在馆    
4 2001536507   2001536507   319书库/ [索取号:I264.2/13] 在馆    
5 2001536508   2001536508   319书库/ [索取号:I264.2/13] 在馆    
6 2001536509   2001536509   319书库/ [索取号:I264.2/13] 在馆    
7 2001536510   2001536510   319书库/ [索取号:I264.2/13] 在馆    
8 2001536511   2001536511   319书库/ [索取号:I264.2/13] 在馆    
9 2001536512   2001536512   319书库/ [索取号:I264.2/13] 在馆    
10 2001536513   2001536513   319书库/ [索取号:I264.2/13] 在馆    
11 2001536514   2001536514   315书库/ [索取号:I264.2/13] 在馆    
12 2001536515   2001536515   315书库/ [索取号:I264.2/13] 在馆    
13 2001536516   2001536516   319书库/ [索取号:I264.2/13] 在馆    
14 2001536517   2001536517   319书库/ [索取号:I264.2/13] 在馆    
15 2001536518   2001536518   319书库/ [索取号:I264.2/13] 在馆    
16 2001536519   2001536519   319书库/ [索取号:I264.2/13] 在馆    
17 2001536520   2001536520   319书库/ [索取号:I264.2/13] 在馆    
18 2001536521   2001536521   319书库/ [索取号:I264.2/13] 在馆    
19 2001536522   2001536522   319书库/ [索取号:I264.2/13] 在馆    
20 2001536523   2001536523   319书库/ [索取号:I264.2/13] 在馆    
21 2001536524   2001536524   319书库/ [索取号:I264.2/13] 在馆    
22 2001536525   2001536525   315书库/ [索取号:I264.2/13] 在馆    
23 2001536526   2001536526   315书库/ [索取号:I264.2/13] 在馆    
24 2001536527   2001536527   315书库/ [索取号:I264.2/13] 在馆    
25 2001536528   2001536528   319书库/ [索取号:I264.2/13] 在馆    
26 2001536529   2001536529   319书库/ [索取号:I264.2/13] 在馆    
27 2001536530   2001536530   319书库/ [索取号:I264.2/13] 在馆    
28 2001536531   2001536531   319书库/ [索取号:I264.2/13] 在馆    
29 2001536532   2001536532   315书库/ [索取号:I264.2/13] 在馆    
30 2001536533   2001536533   319书库/ [索取号:I264.2/13] 在馆    
山东省滨州职业学院图书馆 欢迎您!
大连网信软件有限公司© 版权所有